| 000 | 00413nam a2200169Ia 4500 | ||
|---|---|---|---|
| 003 | IT-RoPAU | ||
| 008 | 120407s9999 xx 000 0 und d | ||
| 040 | _aIT-RoPAU | ||
| 040 | _cIT-RoPAU | ||
| 245 | _aBiblia Sacra, iuxta latinam vulgatam versionem - Libri Ezrae, Tobiae, Judith | ||
| 245 | _cAA.VV. | ||
| 260 | _aVaticana | ||
| 300 | _c cm | ||
| 490 | _v1 | ||
| 600 | _a8° vol della serie | ||
| 942 | _cBK | ||
| 999 |
_c12462 _d12462 |
||